Opening Day Lineups: Philadelphia Phillies - Statistics

General Stats
  • This quiz has been taken 979 times
    20 since last reset
  • The average score is 32 of 66
Answer Stats
# Starts Answer % Correct
1 Adolis García
100%
3 Brandon Marsh
100%
4 Bryson Stott
100%
7 J.T. Realmuto
100%
4 Trea Turner
100%
6 Aaron Nola
92%
5 Alec Bohm
92%
7 Bryce Harper
92%
1 Christopher Sánchez
92%
1 Darick Hall
92%
1 J.P. Crawford
92%
1 Justin Crawford
92%
5 Kyle Schwarber
92%
5 Rhys Hoskins
92%
2 Zack Wheeler
92%
4 Chase Utley
85%
3 Roy Halladay
85%
4 Nick Castellanos
77%
4 Odubel Herrera
77%
6 Ryan Howard
77%
6 Carlos Ruiz
69%
3 Didi Gregorius
69%
5 Jimmy Rollins
69%
1 Max Kepler
69%
2 Cole Hamels
62%
1 Johan Rojas
62%
4 Freddy Galvis
54%
1 Jayson Werth
54%
5 Maikel Franco
54%
4 Jean Segura
46%
3 Andrew McCutchen
38%
3 Ben Revere
38%
4 César Hernández
38%
1 Cliff Lee
38%
3 Shane Victorino
38%
1 Carlos Santana
31%
1 Jay Bruce
31%
1 Matt Vierling
31%
1 Nick Williams
31%
3 Placido Polanco
31%
2 Raúl Ibañez
31%
1 Aaron Altherr
23%
1 Andrew Knapp
23%
1 Cameron Rupp
23%
1 Erik Kratz
23%
1 Jake Cave
23%
2 Jeremy Hellickson
23%
1 Michael Young
23%
1 Scott Kingery
23%
1 Adam Haseley
15%
2 Cody Asche
15%
2 Domonic Brown
15%
1 Hunter Pence
15%
1 Roman Quinn
15%
1 Tommy Joseph
15%
1 Ty Wigginton
15%
1 Ben Francisco
8%
1 Cedric Hunter
8%
1 Grady Sizemore
8%
1 Howie Kendrick
8%
2 John Mayberry Jr.
8%
1 Marlon Byrd
8%
1 Michael Saunders
8%
1 Peter Bourjos
8%
1 Tony Gwynn Jr.
8%
1 Wilson Valdez
8%
No matching quizzes found
Score Distribution
Percent of People with Each Score
Percentile by Number Answered
Your Score History
You have not taken this quiz since the last reset